Normal view MARC view

Entry Personal Name

Number of records used in: 1

001 - CONTROL NUMBER

  • control field: 753826

003 - CONTROL NUMBER IDENTIFIER

  • control field: OSt

005 - DATE AND TIME OF LATEST TRANSACTION

  • control field: 20250502161421.0

008 - FIXED-LENGTH DATA ELEMENTS

  • fixed length control field: 250502|| aca||aabn | a|a d

040 ## - CATALOGING SOURCE

  • Original cataloging agency: OSt
  • Transcribing agency: OSt

100 ## - HEADING--PERSONAL NAME

  • Personal name: शर्मा, रामकिशोर

670 ## - SOURCE DATA FOUND

  • Source citation: Work cat.: (OSt)1309979: शर्मा, रामकिशोर , प्रेमचंद की कहानियाँ संवेदना और शिल्प:, 2009.
Copyright @ Delhi University Library System